| 000 | 005630000a22002050004500 | ||
|---|---|---|---|
| 003 | LK-CoMWRAF | ||
| 005 | 20231026222345.0 | ||
| 008 | 230817t ||||| |||| 00| 0 eng d | ||
| 040 |
_aLK-CoMWRAF _dLK-CoMWRAF _eLK-CoMWRAF |
||
| 041 | _aeng | ||
| 082 |
_a297.954 _bHUS |
||
| 100 | _aHussain, M. A. M. | ||
| 245 | _aIslam-Faith and practice in Sri Lanka | ||
| 250 | _a1st.ed. | ||
| 260 |
_aKalmunai : _bSociety for promoting Islamic knowledge, _c1984 |
||
| 300 | _a47p, 21cm | ||
| 490 | _aSpik publication no.2 | ||
| 650 | _aIslam--Sri Lanka | ||
| 942 | _cBK | ||
| 999 |
_c3189 _d3189 |
||